Historici, historiografie a dějepis
Saved in:
| Main Author | |
|---|---|
| Format | Electronic eBook |
| Language | Czech |
| Published |
Karolinum
2016
|
| Edition | 1. elektronické vydání |
| Subjects | |
| Online Access | Dostupné v BOOKPORT po přihlášení pomocí eduID |
| ISBN | 978-80-246-3309-1 978-80-246-3276-6 |
| Physical Description | 1 online zdroj (486 stran) |
| LEADER | 00000nam a2200000 i 4500 | ||
|---|---|---|---|
| 001 | bkp468751658 | ||
| 003 | CZ-prgp | ||
| 005 | 20191002093248.0 | ||
| 006 | m o d | ||
| 007 | cr cn | ||
| 008 | 191002s2016 xr o 000 0 cze | ||
| 020 | |a 978-80-246-3309-1 |c 280 Kč |q (online ; pdf) | ||
| 020 | |a 978-80-246-3276-6 |c 400 Kč |q (print) | ||
| 040 | |a Grada |b cze |e rda | ||
| 100 | 1 | |a Čornej, Petr | |
| 245 | 1 | 0 | |a Historici, historiografie a dějepis |c Petr Čornej |
| 250 | |a 1. elektronické vydání | ||
| 264 | 1 | |b Karolinum |c 2016 | |
| 300 | |a 1 online zdroj (486 stran) | ||
| 336 | |a text |b txt |2 rdacontent | ||
| 337 | |a počítač |b c |2 rdamedia | ||
| 338 | |a online zdroj |b cr |2 rdacarrier | ||
| 520 | 3 | |a Publikace přináší devatenáct studií, v nichž autor analyzoval problémy moderní české a částečně též světové historiografie v širokém časovém záběru od počátku 19. až na práh 21. století. V netradičním osvětlení i kontextech se tak objevují významné osobnosti českého dějepisectví (František Palacký, Václav Vladivoj Tomek, Zikmund Winter, Jaroslav Goll, Zdeněk Nejedlý, Josef Macek), pozornosti neunikly ani cesty, na něž vědecká historiografie a školní dějepis vkročily po listopadu 1989. Nově přepracované a doplněné stati rámují úvahy kriticky se vyrovnávající s postmoderní výzvou, zvláště dílem Haydena Whitea. | |
| 650 | 0 | 4 | |a Dějiny |
| 856 | 4 | 0 | |u https://www.bookport.cz/AccountSaml/SignIn/?idp=https://shibboleth.utb.cz/idp/shibboleth&returnUrl=/kniha/historici-historiografie-a-dejepis-5672/ |y Dostupné v BOOKPORT po přihlášení pomocí eduID |